| 000 | 01203nam a2200277 a 4500 | ||
|---|---|---|---|
| 001 | 50045 | ||
| 003 | BD-RjUL | ||
| 005 | 20211209075440.0 | ||
| 008 | 160823s1989 bg ||||| |||| 00| 0 ben d | ||
| 020 | _c: Tk. 110.00 | ||
| 035 | _a(BD-RjUL)50165 | ||
| 040 |
_aBD-RjUL _bben _cBD-RjUL _dBD-RjUL |
||
| 041 | _aben | ||
| 082 |
_223 _a737.4954 _bALM 1989 |
||
| 100 | 1 |
_aআলী, এ. কে. এম. ইয়াকুব _9149990 |
|
| 245 | 1 | 0 |
_aমুসলিম মুদ্রা ও হস্তলিখন শিল্প / _cএ. কে. এম. ইয়াকুব আলী |
| 260 |
_aঢাকা : _bবাংলা একাডেমী, _c১৯৮৯. |
||
| 300 |
_a[১৬], ৪৪৪ পৃ. : _bচিত্র ; _c১৯ সেমি. |
||
| 650 |
_aইসলামী মুদ্রা - ভারত _9149991 |
||
| 650 |
_aইসলামী ক্যালিগ্রাফি - ভারত _9149992 |
||
| 650 |
_a ইসলামী ক্যালিগ্রাফি _9149993 |
||
| 650 |
_2 _aIslamic numismatics -- India. _9149994 |
||
| 650 |
_aIslamic calligraphy -- India. _9149995 |
||
| 650 |
_a Islamic calligraphy _9117827 |
||
| 942 |
_2ddc _cBK |
||
| 999 |
_c50045 _d50045 |
||